ბათუმის შოთა რუსთაველის სახელმწიფო უნივერსიტეტის ბიბლიოთეკა

Иудейские древности : (ბიბ.ჩანაწერი № 60959)

000 -LEADER
fixed length control field 00590nam a22001697a 4500
005 - DATE AND TIME OF LATEST TRANSACTION
control field 20231130095346.0
008 - FIXED-LENGTH DATA ELEMENTS--GENERAL INFORMATION
fixed length control field 231130s2003 ru ||||| |||| 00| 0 rus d
041 ## - LANGUAGE CODE
Language code of text/sound track or separate title rus
080 ## - UNIVERSAL DECIMAL CLASSIFICATION NUMBER
Universal Decimal Classification number 94(33) Ф-69
100 ## - MAIN ENTRY--PERSONAL NAME
Personal name Флавий, Иосиф
9 (RLIN) 20206
245 ## - TITLE STATEMENT
Title Иудейские древности :
Remainder of title Том 1 /
Statement of responsibility, etc. Иосиф Флавий.
264 ## - PRODUCTION, PUBLICATION, DISTRIBUTION, MANUFACTURE, AND COPYRIGHT NOTICE
Place of production, publication, distribution, manufacture М. :
Name of producer, publisher, distributor, manufacturer Ладомир,
Date of production, publication, distribution, manufacture, or copyright notice 2003.
300 ## - PHYSICAL DESCRIPTION
Extent 784 с.
Other physical details 21 см.
653 ## - INDEX TERM--UNCONTROLLED
keyword ებრაელი ხალხის სიძველის შესახებ
653 ## - INDEX TERM--UNCONTROLLED
keyword ისტორია
942 ## - ADDED ENTRY ELEMENTS (KOHA)
Source of classification or shelving scheme
Koha item type წიგნი
ეგზემპლარები
Withdrawn status Lost status Source of classification or shelving scheme Damaged status Not for loan Permanent Location Current Location Shelving location Date acquired Cost, normal purchase price Full call number Barcode Date last seen Copy number Uniform Resource Identifier Price effective from Koha item type Public note
          ბათუმის შოთა რუსთაველის სახელმწიფო უნივერსიტეტის მთავარი ბიბლიოთეკა ბათუმის შოთა რუსთაველის სახელმწიფო უნივერსიტეტის მთავარი ბიბლიოთეკა წიგნსაცავი 2023-11-30 8.00 94(33) Ф-69 65492 2023-11-30 65492 ბსუ-ს საპატიო დოქტორის გურამ ლორთქიფანიძის საჩუქარი 2023-11-30 წიგნი 8 ლ.